| 000 | 00511nam a2200193Ia 4500 | ||
|---|---|---|---|
| 008 | 180207s9999 xx 000 0 und d | ||
| 020 | _a9780603020275 | ||
| 050 | _bP288 1970 | ||
| 100 | _aPassmore, Aileen E. | ||
| 245 | _aMy baby Jesus / | ||
| 245 | _cby Aileen Passmore ; illustrations by Jane & Anne Grahamer-Johnson. | ||
| 260 | _aLondon : | ||
| 260 | _bDean & Son Ltd., | ||
| 260 | _c1970 | ||
| 300 | _aunpaged : | ||
| 300 | _bcolor illustration ; | ||
| 300 | _c23cm. | ||
| 650 | _aPop-up book. | ||
| 999 |
_c355728 _d355728 |
||